Vla đi mia I Lích Lê - Nin Tiểu sử

Đã lưu trong:
书目详细资料
格式: 图书
标签: 添加标签
没有标签, 成为第一个标记此记录!
Thư viện lưu trữ: Mạng thư viện Đại học Đà Nẵng
LEADER 00679nam a2200193 4500
001 000007622
003 3785
005 20150812140818.0
008 111010s sd
245 0 0 |a Vla đi mia I Lích Lê - Nin  |b Tiểu sử 
774 |a V. L. Lê - Nin  |b In lần thứ 7  |d H.  |d 1985  |g Tập 2  |h 367 tr  |n In theo bản dịch của Viện xuất bản sách kinh điển và văn kiện Đảng thuộc Viện Mác - Lê-nin Việt Nam  |t 1917 - 1924  |w 3786 
OWN |a LSP 
999 |a From the UDN01 
TYP |a Monograph 
TYP |a Printed language 
980 |a Mạng thư viện Đại học Đà Nẵng